000 00886cam a22002534a 4500
001 13372615
005 20201128024223.0
008 031014s2004 paua b 001 0 eng
020 _a1591401860
020 _a9781591401865
040 _aDLC
_cDLC
_dDLC
_dDLC
_dEG-ScBUE
_beng
082 0 4 _a005.8
_222
_bINF
245 0 0 _aInformation security policies and actions in modern integrated systems /
_ceditor Mariagrazia Fugini, Carlo Bellettini.
260 _aHershey :
_bIdea Group Publishing,
_cc.2004.
300 _axvii, 341 p. :
_bill. ;
_c26 cm.
504 _aIncludes bibliographical references and index.
650 7 _aComputer security.
_2BUEsh
_92637
650 7 _aIntegrated circuits.
_2BUEsh
_93555
651 _2BUEsh
653 _bGGEN
_bCOMSCI
_cJanuary2018
700 1 _aFugini, Mariagrazia,
_d1957-
_eeditor.
700 1 _aBellettini, Carlo,
_d1967-
_eeditor.
942 _2ddc
999 _c25895
_d25867